| 000 | 00898nam a2200229Ii 4500 | ||
|---|---|---|---|
| 003 | JO-AjNU | ||
| 008 | 230605s9999||||xx |||||||||||||| ||und|| | ||
| 017 | _a2008/6/1828 | ||
| 020 | _a978-9957-16-049-4 | ||
| 040 |
_aJO-AjNU _bara _erda _cJO-AjNU |
||
| 041 | _aara | ||
| 050 | 1 | 4 | _aKMM89.75.U23 2022 |
| 100 | 3 |
_aالعبيدي، علي هادي, _eauthor _962807 |
|
| 245 | 0 | 0 | _aالعقود المسماة البيع والايجار وقانون المالكين والمستأجرين وفق اخر التعديلات مع التطبيقات القضائية لمحكمة التمييز |
| 250 | _aط16 | ||
| 264 | 3 | 1 | _aعمان: دار الثقافة للنشر والتوزيع، 2022 |
| 300 | _a376ص | ||
| 336 |
_atext _btxt _2rdacontent |
||
| 337 |
_aunmediated _bn _2rdamedia |
||
| 338 |
_avolume _bnc _2rdacarrier |
||
| 650 | 4 |
_aعقود الاستئجار-التأجير _962808 |
|
| 999 |
_aA28458 _c32026 _d32026 |
||